1918 1336 1473 1445 1576 1447 1248 1733 1880 1575 1624 1471 1446 1796 1580 1357 1576 1157 1064 1897 1604 1126 1621 1738 1234 1868 1819 1859 1623 1922 1875 1701 1973 1499 1460 1678 1740 1917 1664 1862 1968 1756 1069 1050 1269 1896 1250 1594 1454 1260 1489 1979 1743 1591 1550 1304 1182 1303 1676 1944 1326 1088 1435 1800 1776 1803 1999 1495 1676 1147 1538 1744 1513 1972 1401 1132 1754 1303 1904 1077 1163 1945 1662 1904 1524 1564 1503 1782 1354 1204 1668 1482 1557 1611 1889 1139 1569 1214 1522 BCNSPRNW ULIB Ver.6.0+V

เปลี่ยนเป็นภาษาไทย

Change to English
 แสดงรายละเอียดบรรณานุกรม
  กลับหน้าหลัก

Brief Record : Get Marc (ISO 2709) : E-mail record : QR code < ปิดหน้าต่าง
LEADER : 00000nam 2200000uu 4500
001    13399128008
003     ULIB
008    020711s2563 th a 000 0 tha d
020    ^a9786161143640
060    ^aWY18^bพ53ค
100    ^aเพ็ญจมาศ คำธนะ และคณะ
245    ^aคู่มือการใช้หลักสูตรการคิดเชิงออกแบบเพื่อเสริมสร้างสมรรถนะนวัตกรของนักศึกษาพยาบาล วิทยาลัยพยาบาลบรมราชชนนี ราชบุรี
250    ^aพิมพ์ครั้งที่ 1
260    ^aกรุงเทพฯ :^bจรัลสนิทวงศ์การพิมพ์,^c2563
300    ^a143 หน้า;^b26 ซม.
650    ^aการคิดเชิงออกแบบ
945    ^p0^l0^i008605
999    ^aประนอม เกษจรัล
รายการนี้ยังไม่มีแท็ก
คุณยังไม่ได้ล็อกอิน คุณสามารถมีกิจกรรมร่วมกับเว็บไซต์ได้ แต่ต้องล็อกอินก่อน ::
  ล็อกอิน

รายการสื่อสารสนเทศ

ลำดับที่ ประเภท เลขเรียก/บาร์โค้ด สถานที่ สถานะ
1. Book การพยาบาล
หนังสือสำรอง
สถานะ=หนังสือสำรอง
WY18 พ53ค ฉ.1 
  Barcode: 008605
ห้องสมุดวิทยาเขตสวรรค์ประชารักษ์
►หนังสือทั่วไป
บนชั้น

รายการใกล้เคียง
    ผู้แต่ง [เพ็ญจมาศ คำธนะ และคณะ]

BibComment


ยังไม่เคยถูกคอมเมนท์

คอมเมนท์ทรัพยากรรายการนี้
  คอมเมนท์: คู่มือการใช้หลัก..


 Copyright 2026. Bcnsprnw @Library